000 00372pab a2200157 454500
008 180718b2003 xxu||||| |||| 00| 0 eng d
100 _aMeyer, Ronald
245 _aDebt relief and poverty reduction
260 _c2003
300 _ap.408-10.
362 _aNov
650 _aDebt relief
650 _aPoverty
773 _aDevelopment and Cooperation
909 _a58623
999 _c58623
_d58623